Zahraničná pracovná cesta

Základná právna norma pre poskytovanie cestovných náhrad - zákon č. 283/2002 Z. z. v znení neskorších predpisov. Náhrady pri zahraničnej pracovnej ceste. Poskytovanie preddavku a jeho vyúčtovanie. Náhrady pri výkone práce v zahraničí. Zahraničná pracovná cesta podnikateľa a samostatne zárobkovo činn...

Ausführliche Beschreibung

Gespeichert in:
Bibliographische Detailangaben
1. Verfasser: Gášpárová, Eva
Format: Buchkapitel
Sprache:Slowakisch
Schlagworte:
Tags: Tag hinzufügen
Keine Tags, Fügen Sie das erste Tag hinzu!

MARC

LEADER 00000naa a2200000 4500
001 0155366
005 20231109103527.4
041 0 |a slo 
044 |a SK 
245 1 0 |a Zahraničná pracovná cesta  |c Eva Gášpárová 
520 |a Základná právna norma pre poskytovanie cestovných náhrad - zákon č. 283/2002 Z. z. v znení neskorších predpisov. Náhrady pri zahraničnej pracovnej ceste. Poskytovanie preddavku a jeho vyúčtovanie. Náhrady pri výkone práce v zahraničí. Zahraničná pracovná cesta podnikateľa a samostatne zárobkovo činnej osoby. Cestovné náhrady z pohľadu zákona o účtovníctve a postupov účtovania. Praktické príklady. 
610 2 0 |a cesty pracovné 
610 2 0 |a náhrada výdavkov 
610 2 0 |a legislatíva 
610 2 0 |a účtovníctvo 
610 2 0 |a dane z príjmov 
610 2 0 |a zamestnanci 
610 2 0 |a podnikatelia 
610 2 0 |a osoby samostatne zárobkovo činné 
100 1 |a Gášpárová, Eva